000 00403nam a22001697a 4500
003 MPLRDC
005 20220104114212.0
008 210129b ||||| |||| 00| 0 eng d
082 _a782.8413 WZT-5
100 _a捧书生
245 _a武则天外传
_c
250 _a初版
260 _a
_b世界文物出版社
_c1983
300 _b
650 _a武则天传记
942 _cBK
_o782.8413 WZT-5
999 _c5631
_d5621